Normal view
MARC view
- Architecture and society
Entry Topical Term
001 - CONTROL NUMBER
- control field: 121889
003 - CONTROL NUMBER IDENTIFIER
- control field: NUST
005 - DATE AND TIME OF LATEST TRANSACTION
- control field: 20240306114610.0
008 - FIXED-LENGTH DATA ELEMENTS
- fixed length control field: 240306|| aca||aabn | a|a d
040 ## - CATALOGING SOURCE
- Original cataloging agency: NUST
- Transcribing agency: NUST
150 ## - HEADING--TOPICAL TERM
- Topical term or geographic name entry element: Architecture and society
- Geographic subdivision: New York (State)
- Geographic subdivision: New York
670 ## - SOURCE DATA FOUND
- Source citation: Work cat.: (NUST)0: Beal, Justin, 1978- author. 121887, Sandfuture /
